000 01184nam a2200277 i 4500
003 DO-SdBNP
005 20231114143623.0
007 ta
008 110413s20-- dr 000 j spa d
040 _aDO-SdBNP
_bspa
_cBNPHU
_erda
082 _bN322
_222
100 _aNavarro Castellanos, Alfonso
_973773
245 1 3 _aEl anuncio kerigmatico :
_cpor si mismo, solo y todo /
_bAlfonso Navarro
264 1 _aMéxico :
_bComunicaciones nueva vida
_c[20--].
264 3 _bTele 3,
300 _a63 páginas
_c22 cm.
336 _2rdacontent
_atexto
_btxt
337 _2rdamedia
_asin mediación
_bn
338 _2rdacarrier
_avolumen
_bnc
500 _aLa laguna más grave en la evangelización de la iglesia.
500 _aAporte del SINE a Santo Domingo.
520 _a¿Qué es el sine en la Iglesia? Es un proceso integral de acción misionera ( para los alejados y no creyentes), catequética (para los iniciados) y pastoral ( para los adultos en la fe), que va a todos, a todo el hombre, involucrando a todos, para darles todo ( palabra, comunión, sacramentos y transformación social) .
590 _aInventariado, 2023/ YL
910 _aYLockward
942 _2ddc
_cLBS1
999 _c55495
_d55495